000 02945nam a2200301 i 4500
001 000042762
003 DO-SdBNP
005 20241030102313.0
006 a||||gr|||| 00| 0
007 ta
008 140207e1984 dr ad 000 spa d
040 _aDO-SdBNP
_bspa
_cBNPHU
_erda
082 4 _222
_bR426g
110 1 _aRepublica Dominicana.
_bOficina Nacional de Planificación.
_eautor
_970392
245 1 0 _aGuía serie perfiles '84 /
_cPresentación, José Antonio Najri, L. Orlando Haza.
264 _aSanto Domingo :
_bComité Interinstitucional para la Identificación y Promoción de Oportunidades de Inversión - CIPROIN
_c1984.
300 _a189 páginas :
_bIlustraciones, gráficas ;
_c27 cm.
336 _2rdacontent
_atexto
_btxt
337 _2rdamedia
_asin mediación
338 _2rdacarrier
_avolumen
_bnc
490 _aPerfiles 84 ;
_v1
500 _aGuía elaborada por la división de Orientación y Asistencia Técnica, Departamento de Proyectos. Oficina Nacional de Planificación (ONAPLAN).
505 _aIntegrantes Comisión.-- Presentación.
_tInformación General sobre R. D.-- Producción de Vegetales.-- Producción de Puré de guineo aséptico.-- Producción de Pulpa concentrada de lechoza y lechoza en almíbar.-- Industrialización del aguacate.-- Producción de Fibras de coco.-- Producción de tostones de plátanos.-- Industrialización de la piña.-- Proyecto Modelo Integrado para la captura y mercadeo del pescado marino.-- Desarrollo Administración de la pesquería de tilapia en las lagunas redonda y limón.-- Granja de peces de agua dulce.--
_tInstalación de una granja de camarones de agua dulce.-- Pepinillos encurtidos para la exportación.-- Aceite esencial de Naranja Amarga.-- Producción de Harina a partir del Plátano.-- Planta procesadora de Pulpa de frutas tropicales.-- Agroindustrialización del coco.-- Fabricación de sopas y cremas deshidratadas.-- Planta desmontadora de algodón.-- Planta Procesadora de leche.-- Elaboración de casabe enriquecido con proteína de origen vegetal.-- Planta procesadora de Bija con fines de obtener colorantes, pastas y demás derivados.--
_tPlanta para la elaboración de pescado ahumado.-- Aprovechamiento Integral de los Pseudo-Tallos de Musáceas.-- Instalación de una Agroindustria procesadora de frutas.-- Instalación de una Planta procesadora de Cacao en el Cibao Norcentral.-- Planta para el procesamiento de frutas.-- Relación de Proyectos e Ideas de Inversión en el Sector Público.-- SEA. Relación de Proyectos en proceso de elaboración para asociaciones de productores agropecuarios.--
_tSEA. Relación de Ideas y Perfiles de proyectos.-- Relación de Perfiles e Ideas de Inversiones para la Región del Cibao. FIDE- Cámara de Comercio de Santiago.--
590 _aInventariado 2023 / MF
700 2 _aNajri, José Antonio,
_d1948-
_99414
_epresentación
700 2 _aHaza. L. Orlando,
_epresentación
_984721
942 _2ddc
_cLBS1
999 _c42251
_d42251